Hospodársky a sociálny rozvoj mesta Michalovce diplomová práca

Na minha lista:
Detalhes bibliográficos
Autor principal: Handrová, Lenka
Autor Corporativo: Podnikovohospodárska fakulta EU so sídlom v Košiciach. Katedra ekonómie
Outros Autores: Ďurovčík, Ján
Formato: Livro
Idioma:eslovaco
Publicado em: Košice 2010
Tags: Adicionar Tag
Sem tags, seja o primeiro a adicionar uma tag!

MARC

LEADER 00000nam$a2200000$$$4500
001 0123488
005 20240827092402.5
041 0 |a slo 
044 |a SK 
245 1 0 |a Hospodársky a sociálny rozvoj mesta Michalovce  |b diplomová práca  |c Lenka Handrová ; škol. Ján Ďurovčík 
264 1 |a Košice  |c 2010 
300 |a 77 s. 
100 1 |a Handrová, Lenka 
700 1 |a Ďurovčík, Ján 
710 2 |a Podnikovohospodárska fakulta EU so sídlom v Košiciach. Katedra ekonómie